Essentials of Organizational Behaviour (Record no. 931)

MARC details
000 -LEADER
fixed length control field 00421nam a22001697a 4500
005 - DATE AND TIME OF LATEST TRANSACTION
control field 20180727124757.0
008 - FIXED-LENGTH DATA ELEMENTS--GENERAL INFORMATION
fixed length control field 160517b xxu||||| |||| 00| 0 eng d
020 ## - INTERNATIONAL STANDARD BOOK NUMBER
ISBN 81-203-2206-1
041 ## - LANGUAGE CODE
Language code of text/sound track or separate title eng
082 ## - DEWEY DECIMAL CLASSIFICATION NUMBER
Item number 2538
Classification number 658.3
100 ## - MAIN ENTRY--AUTHOR NAME
Personal name Robbins, Stephen P.
245 ## - TITLE STATEMENT
Title Essentials of Organizational Behaviour
260 ## - PUBLICATION, DISTRIBUTION, ETC. (IMPRINT)
Place of publication New Delhi
Name of publisher PHI,
Year of publication 2003
300 ## - PHYSICAL DESCRIPTION
Number of Pages 284p,
650 ## - SUBJECT ADDED ENTRY--TOPICAL TERM
Topical Term Management
942 ## - ADDED ENTRY ELEMENTS (KOHA)
Koha item type Books
Holdings
Lost status Damaged status Collection code Home library Current library Shelving location Date acquired Cost, normal purchase price Full call number Accession Number Koha item type
    MANAGEMENT JRU Library JRU Library SHELF-64-F 17/05/2016 150.00 658.3 2538 Books
    MANAGEMENT JRU Library JRU Library SHELF-64-F 17/05/2016 150.00 658.3 2539 Books
    MANAGEMENT JRU Library JRU Library SHELF-64-F 17/05/2016 150.00 658.3 2540 Books
    MANAGEMENT JRU Library JRU Library SHELF-64-F 17/05/2016 150.00 658.3 2541 Books
    MANAGEMENT JRU Library JRU Library SHELF-64-D 17/05/2016 150.00 658.3 2542 Books
    MANAGEMENT JRU Library JRU Library SHELF-64-F 17/05/2016 150.00 658.3 2543 Books